000 00521nam a2200193Ia 4500
005 20250423095818.0
008 250422s9999 xx 000 0 und d
020 _a9780557708574
050 _aTK 7895.E42 .L44/
100 _aEdward Ashford Lee
245 0 _aIntroduction to Embedded System a cyber system approach
250 _a1st ed.
260 _aUC Barkeley
260 _bLulu
260 _c2020
300 _a503 p
650 _aIntroduction to Embedded Systems A Cyber System Approach
942 _cBK
999 _c31404
_d31404